FNAF Animatronics by Fanart - Statistics

General Stats
  • This quiz has been taken 51 times
  • The average score is 14 of 16
Answer Stats
Picture Answer % Correct
Mangle
98%
Toy Freddy
95%
William Afton | Purple Guy
95%
Ballora
93%
Roxy | Roxanne Wolf
93%
Vanny | Vanessa
93%
Withered Bonnie
93%
Nightmare Fredbear
90%
Crying Child | David | Dave
88%
Foxy
88%
Glitchtrap
88%
Scrap Baby | Elizabeth Afton
83%
Sundrop | Daycare Attendant
83%
Henry Emily
79%
Springbonnie
79%
Phantom Chica
74%
No matching quizzes found
Score Distribution
Percent of People with Each Score
Percentile by Number Answered
Your Score History
You have not taken this quiz